Normal view
MARC view
- FACTORY AND TRADE WASTE TESTING CONGRESSES, HAZARDOUS WASTES TESTING CONGRESSES
Entry Topical Term
001 - CONTROL NUMBER
- control field: 66607
003 - CONTROL NUMBER IDENTIFIER
- control field: NUST
005 - DATE AND TIME OF LATEST TRANSACTION
- control field: 20210628203625.0
008 - FIXED-LENGTH DATA ELEMENTS
- fixed length control field: 210628|| aca||aabn | a|a d
040 ## - CATALOGING SOURCE
- Original cataloging agency: NUST
- Transcribing agency: NUST
150 ## - HEADING--TOPICAL TERM
- Topical term or geographic name entry element: FACTORY AND TRADE WASTE TESTING CONGRESSES, HAZARDOUS WASTES TESTING CONGRESSES
670 ## - SOURCE DATA FOUND
- Source citation: Work cat.: (NUST): Petros, James K 66606, Hazardous and industrial solid waste testing, 4th symposium, 1985
